LEADER 01071nam0-22003251--450- 001 990007686900403321 005 20150508102717.0 035 $a000768690 035 $aFED01000768690 035 $a(Aleph)000768690FED01 035 $a000768690 100 $a20030814d1931----km-y0itay50------ba 101 0 $aita 200 1 $aNorme per l'attuazione dei codici penale e di procedura penale$elegge di proroga del tribunale speciale commentate e illustrate con i lavori preparatori 210 $aRoma$cTip. della Camera dei Deputati$d1931 215 $a234 p.$d24 cm 300 $aIn appendice: norme per la repressione delle violazioni delle leggi ... [etc.] 676 $a348 710 12$aItalia$0440885 801 0$aIT$bUNINA$gRICA$2UNIMARC 901 $aBK 912 $a990007686900403321 952 $aDP XXXVIII-30$b9625$fDEC 952 $a16-M-II-18$b600$fDDCP 952 $aMASSARI F 169$b4466$fFGBC 959 $aDEC 959 $aDDCP 959 $aFGBC 996 $aNorme per l'attuazione dei codici penale e di procedura penale$9680937 997 $aUNINA LEADER 01200nam2-2200397---450- 001 990003366970203316 005 20100202120249.0 010 $a978-1-934115-84-8 035 $a000336697 035 $aUSA01000336697 035 $a(ALEPH)000336697USA01 035 $a000336697 100 $a20100202d2009----km-y0itay50------ba 101 $aeng 102 $aUS 105 $aa---||||001yy 200 1 $aNeuroproteomics$emethods and protocols$fedited by Andrew K. Ottens, Kevin K. W. Wang 210 $aNew York$cHumana Press$d2009 215 $aXI, 321p.$cill.$d27 cm 225 2 $aMethods in molecular biology$v566 410 0$1001000336582$aMethods in molecular biology$v, 566$12001 454 1$12001 461 1$1001-------$12001 610 0$aSistema nervoso centrale$xProteomica 676 $a573.86 702 1$aOTTENS,$bAndrew K. 702 1$aWANG,$bKevin K. W. 801 0$aIT$bsalbc$gISBD 912 $a990003366970203316 951 $a573.86 NEU$b5305 Farm.$c573.86$d00255518 959 $aBK 969 $aFAR 979 $aFIORELLA$b90$c20100202$lUSA01$h1112 979 $aFIORELLA$b90$c20100202$lUSA01$h1202 996 $aNeuroproteomics$91123537 997 $aUNISA LEADER 05522nam 2200685 450 001 9910810663903321 005 20200520144314.0 010 $a1-118-36450-3 010 $a1-118-36453-8 035 $a(CKB)2550000001198315 035 $a(EBL)1602916 035 $a(SSID)ssj0001111960 035 $a(PQKBManifestationID)11636877 035 $a(PQKBTitleCode)TC0001111960 035 $a(PQKBWorkID)11158415 035 $a(PQKB)11081490 035 $a(OCoLC)869641322 035 $a(MiAaPQ)EBC1602916 035 $a(Au-PeEL)EBL1602916 035 $a(CaPaEBR)ebr10831321 035 $a(CaONFJC)MIL571608 035 $a(PPN)191911828 035 $a(EXLCZ)992550000001198315 100 $a20140205h20142014 uy 0 101 0 $aeng 135 $aur|n|---||||| 181 $ctxt 182 $cc 183 $acr 200 10$aExploration and analysis of DNA microarray and other high dimensional data /$fDhammika Amaratunga, Javier Cabrera, Ziv Shkedy, authors 205 $aSecond edition. 210 1$aHoboken, New Jersey :$cJohn Wiley & Sons,$d2014. 210 4$dİ2014 215 $a1 online resource (346 p.) 225 0 $aWiley series in probability and statistics 300 $aDescription based upon print version of record. 311 $a1-306-40357-X 311 $a1-118-35633-0 320 $aIncludes bibliographical references and index. 327 $aCover; Title Page; Contents; Preface; Chapter 1 A Brief Introduction; 1.1 A Note on Exploratory Data Analysis; 1.2 Computing Considerations and Software; 1.3 A Brief Outline of the Book; 1.4 Data Sets and Case Studies; 1.4.1 The Golub Data; 1.4.2 The Mouse5 Data; 1.4.3 The Khan Data; 1.4.4 The Sialin Data; 1.4.5 The Behavioral Study Data; 1.4.6 The Spiked-In Data; 1.4.7 The APOAI Study; 1.4.8 The Breast Cancer Data; 1.4.9 Platinum Spike Data Set; 1.4.10 Human Epidermal Squamous Carcinoma Cell Line A431 Experiment; 1.4.11 Note: Public Repositories of Microarray Data; Chapter 2 Genomics Basics 327 $a2.1 Genes2.2 Deoxyribonucleic Acid; 2.3 Gene Expression; 2.4 Hybridization Assays and Other Laboratory Techniques; 2.5 The Human Genome; 2.6 Genome Variations and Their Consequences; 2.7 Genomics; 2.8 The Role of Genomics in Pharmaceutical Research and Clinical Practice; 2.9 Proteins; 2.10 Bioinformatics; Supplementary Reading; Chapter 3 Microarrays; 3.1 Types of Microarray Experiments; 3.1.1 Experiment Type 1: Tissue-Specific Gene Expression; 3.1.2 Experiment Type 2: Developmental Genetics; 3.1.3 Experiment Type 3: Genetic Diseases; 3.1.4 Experiment Type 4: Complex Diseases 327 $a3.1.5 Experiment Type 5: Pharmacological Agents3.1.6 Experiment Type 6: Plant Breeding; 3.1.7 Experiment Type 7: Environmental Monitoring; 3.2 A Very Simple Hypothetical Microarray Experiment; 3.3 A Typical Microarray Experiment; 3.3.1 Microarray Preparation; 3.3.2 Sample Preparation; 3.3.3 The Hybridization Step; 3.3.4 Scanning the Microarray; 3.3.5 Interpreting the Scanned Image; 3.4 Multichannel cDNA Microarrays; 3.5 Oligonucleotide Microarrays; 3.6 Bead-Based Arrays; 3.7 Confirmation of Microarray Results; Supplementary Reading and Electronic References 327 $aChapter 4 Processing the Scanned Image4.1 Converting the Scanned Image to the Spotted Image; 4.1.1 Gridding; 4.1.2 Segmentation; 4.1.3 Quantification; 4.2 Quality Assessment; 4.2.1 Visualizing the Spotted Image; 4.2.2 Numerical Evaluation of Array Quality; 4.2.3 Spatial Problems; 4.2.4 Spatial Randomness; 4.2.5 Quality Control of Arrays; 4.2.6 Assessment of Spot Quality; 4.3 Adjusting for Background; 4.3.1 Estimating the Background; 4.3.2 Adjusting for the Estimated Background; 4.4 Expression-Level Calculation for Two-Channel cDNA Microarrays 327 $a4.5 Expression-Level Calculation for Oligonucleotide Microarrays4.5.1 The Average Difference; 4.5.2 A Weighted Average Difference; 4.5.3 Perfect Matches Only; 4.5.4 Background Adjustment Approach; 4.5.5 Model-Based Approach; 4.5.6 Absent-Present Calls; Supplementary Reading; Software Notes; Chapter 5 Preprocessing Microarray Data; 5.1 Logarithmic Transformation; 5.2 Variance Stabilizing Transformations; 5.3 Sources of Bias; 5.4 Normalization; 5.5 Intensity-Dependent Normalization; 5.5.1 Smooth Function Normalization; 5.5.2 Quantile Normalization; 5.5.3 Stagewise Normalization 327 $a5.5.4 Normalization of Two-Channel Arrays 330 $a Praise for the First Edition "...extremely well written...a comprehensive and up-to-date overview of this important field." - Journal of Environmental Quality Exploration and Analysis of DNA Microarray and Other High-Dimensional Data, Second Edition provides comprehensive coverage of recent advancements in microarray data analysis. A cutting-edge guide, the Second Edition demonstrates various methodologies for analyzing data in biomedical research and offers an overview of the modern techniques used in microarray technology to 410 0$aWiley Series in Probability and Statistics 606 $aProtein microarrays$xStatistical methods 615 0$aProtein microarrays$xStatistical methods. 676 $a572/.636 700 $aAmaratunga$b Dhammika$f1956-$01667367 701 $aCabrera$b Javier$0614089 701 $aShkedy$b Ziv$01667368 801 0$bMiAaPQ 801 1$bMiAaPQ 801 2$bMiAaPQ 906 $aBOOK 912 $a9910810663903321 996 $aExploration and analysis of DNA microarray and other high dimensional data$94027129 997 $aUNINA